Nalaganje...

Kidapparasamaram /

Bibliografske podrobnosti
Glavni avtor: Shajikumar, P.V
Format: Printed Book
Jezik:English
Izdano: Kozhikode: Mathrubhumi Books, 2012.
Teme:
LEADER 00558 a2200169 4500
008 150103s9999 000 0 eng
020 |a 9788182653504 
082 |a 815 
100 |a Shajikumar, P.V. 
245 |a Kidapparasamaram / 
260 |a Kozhikode:  |b Mathrubhumi Books,  |c 2012. 
300 |a 118 p. 
650 |a Malayalam fiction 
653 |a Stories 
942 |c BK 
999 |c 307032  |d 307032 
952 |0 0  |1 0  |2 ddc  |4 0  |6 M_815_000000000000000_SHA_KI  |7 0  |9 352247  |a DRA  |b DRA  |c ST1  |d 2013-06-25  |i 8205  |l 5  |o M 815 SHA/KI  |p DRA8205  |r 2019-05-21  |s 2019-04-09  |v 80.00  |w 2013-06-25  |y BK